| 000 | 01000cam a2200301 i 4500 | ||
|---|---|---|---|
| 001 | 40055 | ||
| 003 | Mx-PuUPA | ||
| 005 | 20250120143611.0 | ||
| 008 | 140415s2021 mx a gr 000 0 spa d | ||
| 020 | _a9786079954208 | ||
| 040 |
_aMx-PuUPA _cMx-PuUPA _bspa _dMx-PuUPA _erda |
||
| 041 | 0 | _aspa | |
| 100 | 1 |
_aLeón Tovar, Soyla H., _eautor _95346 |
|
| 245 | 1 | 0 |
_aContratos mercantiles / _cSoyla H. León Tovar |
| 250 | _aPrimera edición | ||
| 264 | 1 |
_aMéxico, Ciudad de México : _bEditorial Dikaia, _c2021 |
|
| 300 |
_axxxii, 830 páginas ; _c23 cm |
||
| 336 |
_2rdacontent _atexto _btxt |
||
| 337 |
_2rdamedia _asin medio _bn |
||
| 338 |
_2rdacarrier _avolumen _bnc |
||
| 490 | 0 | _aÁrea mercantil | |
| 650 | 7 |
_2armarc _aContratos comerciales _zMéxico |
|
| 650 | 7 |
_2armarc _aDerecho comercial _zMéxico |
|
| 942 |
_2ddc _cLI _h346.7207 _iL57 |
||
| 999 |
_c40055 _d40055 |
||